| 000 | 00900nam a2200193 i 4500 | ||
|---|---|---|---|
| 001 | 185624 | ||
| 003 | ES-MaACL | ||
| 005 | 20250812224532.0 | ||
| 008 | 160728s1932 sp |||| | spa d | ||
| 100 | 1 |
_aCárdenas Pupo, M. D. _9160231 |
|
| 245 | 1 | 0 |
_aAportación al conocimiento histológico e histogénico del xantoma / _cM. D. Cárdenas Pupo. |
| 260 |
_a[Madrid] : Laboratorio e Histopagología de la Junta para Ampliación de Estudios, _c1932. |
||
| 300 |
_a15 h. : _bil. ; _c25 cm. |
||
| 490 | 1 |
_aTrabajos del Laboratorio de Histopatología de la Junta para Ampliación de Estudios ; _v102 |
|
| 500 | _aEs tirada aparte de Archivos Españoles de Oncología, Tº III, cuaderno 2º, diciembre, p. 195-224. | ||
| 830 | 0 | 0 |
_aTrabajos del Laboratorio de Histopatología de la Junta para Ampliación de Estudios _v102 _9184307 |
| 852 |
_aES-MaACL _jB-13355(7) |
||
| 999 |
_c185624 _d185624 |
||